000
00345nam a22001457a 4500
020
_a
81-203-1247-3
041
_a
ENG
100
_a
Rangaswami .G
245
_a
Diseses Of corop Plants IN India
260
_a
Delhi
_b
Prentics Hall Of India
_c
1999
300
_a
536
650
_a
Agricultural
700
_a
Mahadevan .A
856
_u
Agricultural
999
_c
445
_d
445